000 00368nam a22001457a 4500
999 _c3865
_d3865
008 200703b ||||| |||| 00| 0 eng d
082 0 0 _a621.6
_bA225
100 _9382
_aAddison, Herbert
245 1 0 _aPump user's handbook
_cby Herbert. Addison
260 _aLondon
_bPitman
_c1960
300 _avii,120p.
365 _d24.00
650 0 _aPumping Machinery
942 _cBK